000 00621nam a2200181 i 4500
001 84439
003 ES-MaACL
005 20250807205142.0
007 t|
008 041122s1906 sp ||||1| spa d
245 0 0 _aJane Cameron o La vida en las prisiones de mujeres de Inglaterra /
_cpor una matrona ; traducción de Rafael Salillas.
260 _aMadrid :
_bEduardo Arias,
_c1906.
650 7 _aEstablecimientos penitenciarios de mujeres
_2embne
_9166995
700 1 _aSalillas, Rafael.
_9101925
740 3 2 _aLa vida en las prisiones de mujeres de Inglaterra.
852 4 _aES-MaACL
_jD-283
999 _c84439
_d84439